What's right America : new prespectives on the contemporary scene
Zapisane w:
| 1. autor: | |
|---|---|
| Format: | Książka |
| Język: | Undetermined |
| Wydane: |
New York
Frederick ungar publishing Co.
1952
|
| Etykiety: |
Dodaj etykietę
Nie ma etykietki, Dołącz pierwszą etykiete!
|
| Thư viện lưu trữ: | Trung tâm Học liệu Trường Đại học Cần Thơ |
|---|
| LEADER | 00512nam a2200181Ia 4500 | ||
|---|---|---|---|
| 001 | CTU_86484 | ||
| 008 | 210402s9999 xx 000 0 und d | ||
| 082 | |a 973.91084 | ||
| 082 | |b U57 | ||
| 100 | |a Ungar, Frederick | ||
| 245 | 0 | |a What's right America : | |
| 245 | 0 | |b new prespectives on the contemporary scene | |
| 245 | 0 | |c Frederick Ungar | |
| 260 | |a New York | ||
| 260 | |b Frederick ungar publishing Co. | ||
| 260 | |c 1952 | ||
| 910 | |a Vương | ||
| 980 | |a Trung tâm Học liệu Trường Đại học Cần Thơ | ||